00780nam a2200205 i 4500001000300000245015800003260003000161300002900191650004100220650002100261650003100282700002900313700002700342700002000369040000800389041000700397080003100404008004100435856009800476bg70aPolskie instalacje odsiarczania spalin przemysłowych :bkatalog /c[oprac. Marek Hoffmann, Iwona Ornoch, Romuald Sulima ; Instytut Ochrony Środowiska. aWarszawa :bIOŚ,c1989. a159 s. :brys. ;c24 cm. 9aOdsiarczaniexurządzeniaxprojekty 9aSpalinyxhigiena 9aElektroenergetykaxhigiena1 aHOFFMANN, Marek.eOprac.1 aORNOCH, Iwona.eOprac.1 aSULIMA, Romuald cBPK0 apl a628.5:621.31:662.6](075.8) s pl f |000 0 pol  uhttp://koha.tu.koszalin.pl/cgi-bin/koha/opac-detail.pl?biblionumber=30419yKatalog online BPK